000 00410nam a2200157Ia 4500
008 230917s9999||||xx |||||||||||||| ||und||
040 _e110183
_aMAIN
041 _aEnglish
082 _a005.1 J29I
100 _aJalote, Pankaj
245 0 _aIntegrated approach to software engineering
250 _a3rd ed.
260 _aNew Delhi
_bNarosa Publishing House
_c2005
300 _axiii, 495 p.
942 _cBK
999 _c130249
_d130249